Предварительная разведка глубоких горизонтов молибден-уранового месторождения Восход: пояснительная записка к дипломному проекту

Bibliografische gegevens
Hoofdauteur: Горбачев А. В. Александр Владимирович
Coauteur: Томский политехнический институт
Andere auteurs: Язиков Е. Г. Егор Григорьевич (научный руководитель)
Samenvatting:For_staff_use
Taal:Russisch
Gepubliceerd in: Томск, 1987
Onderwerpen:
Formaat: Boek
KOHA link:https://koha.lib.tpu.ru/cgi-bin/koha/opac-detail.pl?biblionumber=54917

MARC

LEADER 00000nbm0a2200000 4500
001 54917
005 20240111154731.0
035 |a (RuTPU)RU\TPU\book\57604 
090 |a 54917 
100 |a 20030902d1987 k y0rusy50 ca 
101 0 |a rus 
102 |a RU 
105 |a a m 001zy 
200 1 |a Предварительная разведка глубоких горизонтов молибден-уранового месторождения Восход  |e пояснительная записка к дипломному проекту  |f А. В. Горбачев  |g Томский политехнический институт ; науч. рук. Е. Г. Язиков 
210 |a Томск  |d 1987 
215 |a 245 с.  |c ил.  |e Приложение: граф. 
320 |a Библиогр.: с. 239 (14 назв.) 
371 0 |a For_staff_use 
610 1 |a геология 
610 1 |a урановые месторождения 
610 1 |a молибден 
610 1 |a месторождения 
610 1 |a Казахстан 
610 1 |a Балхашинский район 
610 1 |a разведка 
610 1 |a оценка 
610 1 |a месторождение Восход 
610 1 |a дипломные проекты 
675 |a 553.395(04.067)  |v 3 
675 |a 553.462(04.067)  |v 3 
700 1 |a Горбачев  |b А. В.  |g Александр Владимирович 
702 1 |a Язиков  |b Е. Г.  |c специалист в области геологии и минералогии  |c профессор Томского политехнического университета, доктор геолого-минералогических наук, заместитель проректора по образовательной и международной деятельности  |f 1955-  |g Егор Григорьевич  |4 727  |9 11896 
712 0 2 |a Томский политехнический институт  |3 (RuTPU)RU\TPU\col\1123 
801 1 |a RU  |b 63413507  |c 20030902  |g PSBO 
801 2 |a RU  |b 63413507  |c 20130110  |g PSBO 
942 |c BK